KOHA-Header-6

Earth day Guide to Planet Repair (Record no. 9349)

000 -LEADER
fixed length control field 00265nam a2200109Ia 4500
100 ## - MAIN ENTRY--AUTHOR NAME
Personal name Denis Hayes
245 #0 - TITLE STATEMENT
Title Earth day Guide to Planet Repair
260 ## - PUBLICATION, DISTRIBUTION, ETC. (IMPRINT)
Place of publication USA
Name of publisher Island Press
Year of publication 2002
300 ## - PHYSICAL DESCRIPTION
Number of Pages 487
942 ## - ADDED ENTRY ELEMENTS (KOHA)
Koha item type Books
Holdings
Withdrawn status Lost status Collection code Permanent Location Current Location Shelving location Date acquired Full call number Accession Number Koha item type
    English Literature MAJU MAJU Shelf No.A15 2019-09-14 954.02 4958 English Literature

Powered by Koha